Państwa wymienione w Biblii - Statystyki

Ogólne statystyki
  • Ten quiz został rozwiązany 3 231 razy
  • Średni wynik to 17 z 21
Statystyki odpowiedzi
Wskazówka Państwo % Poprawnych
Ziemia Święta Izrael
98%
Mojżesz wyprowadził swój lud stąd Egipt
97%
Wówczas znana jako Persja Iran
92%
Gdzie zmarł św. Paweł Włochy
92%
Św. Paweł pisał listy do ludzi w różnych miastach Grecja
90%
Tutaj znajdowały się Niniwa i Babilon Irak
90%
Wspomniano o kilku regionach tego kraju, w tym o Poncie, Galacji, Kapadocji, Azji i Bitynii Turcja
89%
Izajasz obiecał, że stolica tego kraju będzie „ruinowym stosem”. Proroctwo zdawało się spełniać w latach 2010. Syria
84%
Św. Paweł żeglował w pobliżu tej wyspy Cypr
82%
Po drugiej stronie rzeki od Ziemi Świętej Jordania
82%
Najbardziej wysunięte na zachód państwo wymienione w Biblii Hiszpania
80%
Królowie stąd przynosili złoto Salomonowi Arabia Saudyjska
79%
Znany z drzew cedrowych Liban
79%
Najbardziej wysunięty na wschód obszar Imperium Perskiego Indie
78%
Państwo śródziemnomorskie, w którym znajduje się miasto Cyrena Libia
77%
Ziemia Szeba mogła znajdować się w tym miejscu Jemen
68%
Kilka drugoplanowych postaci uciekło w ten górzysty region Armenia
66%
Tutaj rozbił się statek św. Pawła Malta
66%
Tytus podróżował do Dalmacji, na wybrzeże tego kraju Chorwacja
62%
Wspomniany jako region Kusz (Kush) Sudan
61%
Rzeka Gihon, wypływająca z Ogrodu Eden, obejmuje cały ten kraj Etiopia
49%
Nie znaleziono quizów pasujących do podanych kryteriów
Rozkład punktacji
Procent ludzi z każdym wynikiem
Percentyl według liczby udzielonych odpowiedzi
Twoja historia wyników
Nie rozwiązałeś tego quizu